Statistics for Cities Listed on I-70 Illinois Exits

Click here to take the quiz!

General Stats

  • This quiz has been taken 8 times
  • The average score is 17 of 45

Answer Stats

Exit NumberCity Listed% Correct
129Casey
83%
98Chicago
83%
45Greenville
83%
41Greenville
83%
159Effingham
67%
147Marshall
67%
10Memphis
67%
92Memphis
67%
76St. Elmo
67%
2East St. Louis
50%
3Louisville
50%
63Vandalia
50%
61Vandalia
50%
82Altamont
33%
68Brownstown
33%
119Charleston
33%
11Collinsville
33%
15Collinsville
33%
11Edwardsville
33%
4Granite City
33%
17Highland
33%
24Highland
33%
30Highland
33%
129Kansas
33%
15Maryville
33%
147Paris
33%
36Pocahontas
33%
6Wood River
33%
68Bluff City
17%
45Carlyle
17%
4Fairmont City
17%
119Greenup
17%
52Keyesport
17%
21Lebanon
17%
24Marine
17%
136Martinsville
17%
105Montrose
17%
52Mulberry Grove
17%
63Pana
17%
30Pierron
17%
162Sigel
17%
21Staunton
17%
17St. Jacob
17%
18Troy
17%
6Washington Park
17%

Score Distribution

Percentile by Number Answered

Percent of People with Each Score

Your Score History

You have not taken this quiz